LIBRARY & INFORMATION CENTRE, KCAET, TAVANUR

ONLINE PUBLIC ACCESS CATALOGUE (OPAC)

Vivah aur prem / (Record no. 12683)

MARC details
000 -LEADER
fixed length control field 00425cam a2200181ua 4500
041 ## - LANGUAGE CODE
Language code of text/sound track or separate title hin
082 ## - DEWEY DECIMAL CLASSIFICATION NUMBER
Classification number 891.43
Item number MER/VI
100 ## - MAIN ENTRY--AUTHOR NAME
Personal name Merry, Stops .
245 ## - TITLE STATEMENT
Title Vivah aur prem /
250 ## - EDITION STATEMENT
Edition statement 2 /
260 ## - PUBLICATION, DISTRIBUTION, ETC. (IMPRINT)
Place of publication Delhi :
Name of publisher Rajkamal Prakashan ,
Year of publication 1962.
300 ## - PHYSICAL DESCRIPTION
Number of Pages 144 ; .
Holdings
Withdrawn status Lost status Damaged status Home library Current library Date acquired Full call number Accession Number Koha item type
Withdrawn     KAUAET Sanskrit University 07/04/2012 891.43 1976 Books
free website counter